Missing Word: Famous Acting Families III Quiz Stats

Quiz Updated Mar 5, 2015

Challenge
Share
Tweet
Embed
Score 0/40 Timer 06:00
0 Plays Today
% Correct
Day
98.1%
Blonde
94.4%
Trade
92.2%
Pretty
90.9%
Kiss
89.1%
Dark
88.1%
Thin
87.5%
Brokeback
87.4%
Crashers
87.4%
Enemy
86.2%
Fiction
84.7%
Yuma
82.1%
Love
81.5%
Riding
75.6%
Hour
75.3%
Mystic
73.4%
Sam
72%
Old
70.1%
Down
65.9%
Death
65.9%
% Correct
Leg
64.2%
Super
53.9%
Dangerous
49.1%
Midnight
49%
Reservoir
46.8%
Grams
38.6%
Sweethearts
34.9%
Darjeeling
32.8%
Bubble
28.3%
Steal
27.5%
Kid
21.7%
Short
20.6%
Blue
16.9%
Fockers
14.5%
Watch
14.5%
Trouble
12.6%
Darwin
12.5%
Assassination
10.7%
Saints
10.4%
Fireflies
3.2%

Today's Daily Dose

Missing Word
Jazz Songs 'C'

On This Day
January 18th

You're not logged in!

Compare scores with friends on all Sporcle quizzes.
Sign Up with Email
OR
Log In

You Might Also Like...

Show Comments

Extras

Top Quizzes Today


Score Distribution

Your Account Isn't Verified!

In order to create a playlist on Sporcle, you need to verify the email address you used during registration. Go to your Sporcle Settings to finish the process.